=LDR 00000nam 2200000 4500 =001 INLIS000000000026501 =005 20130612124935 =008 ***********************************ind** =035 ##$$0010-061300000026501 =041 ##$$a ind =082 ##$$a 2x5.2 =090 ##$$a 2x5.2, JAI m =100 ##$$a Jailani, Abdul Qadir =245 ##$$a Menyingkap Kegaiban, Abdul Qadir Jailani; penerjemah, Aftahuddin Ahmad =260 ##$$a 1994 $b Bandung =300 ##$$a 216 hlm., 15 cm =650 ##$$a Tasawuf =850 ##$$a NBPNMAT =990 ##$$a 0001/BPAP-NTB/2016